Quizzes
Events
Quiz Creation
Community
Videos
Private Events
Remove Ads
Sign In
Join for FREE
Feedback
Dark Mode
Quiz Categories
Sports
Geography
Music
Movies
Television
Just For Fun
Miscellaneous
History
Literature
Language
Science
Gaming
Entertainment
Religion
Holiday
For Kids
Quiz Lab
Recent
Popular Today
Quiz Kudos Today
Editor Picks
Curator Picks
Quizzes by...
Day
Popularity
Type
Ratings
Length
Year
Community
Subscriptions
Recent Discussions
Orange Saloon
Badges
Playlists
Quests
Create
Leaderboards
Showdown
Live 5
Trivia Bingo
Activity
Puzzle Library
Sporcle Events
Private Events
Virtual Trivia
Globe League
Become a Host
Pub Owners
SporcleCon
Opinionation
Our Games
Videos
Blog
Mobile Apps
Partnerships
Remove Ads and Go Orange
Feedback
Just For Fun
Clickable
Get the Picture
Humor
Quick Pick
Word Ladder
Missing Word
Mixed Word
Blitz
Minefield
This or That
Alphabet
Color
Typing
Sporcle
Puzzle
Word Play
Follow That Line
Logic
Just For Fun
Clickable
Get the Picture
Humor
Quick Pick
Word Ladder
Missing Word
Mixed Word
Blitz
Minefield
This or That
Alphabet
Color
Typing
Sporcle
Puzzle
Word Play
Follow That Line
Logic
Random Quiz
Search Sporcle
×
Quiz Lab
Quiz Lab
Just For Fun
Nintendo
Type in answers that appear in a list
Type in answers that appear in a list
Classic
Best Score? Go Orange.
Original Gogo's Crazy Bones Stats
Can you name the Original Gogo's Crazy Bones?
By
russman10987
10m
60 Questions
391 Plays
391 Plays
391 Plays
Comments
Comments
Give Quiz Kudos
Give Quiz Kudos
-
- Ratings
hide this ad
Replay
Link that replays current quiz
Next Quiz
Link to next quiz in quiz playlist
You Got
0%
They Got
Avg Score
27%
Avg Friend Score
Upgrade to see
Score Distribution
Jump to the score distribution portion of the page
Score
0/60
Timer
10:00
0
Plays Today
Crazy Bone
% Correct
Eggy
80.8%
Jaws
65.5%
Chef
55.5%
Music
45.5%
Smiley
44%
Four Eyes
43.7%
Ghost
39.1%
Punk
38.9%
E.T.
38.9%
Speedy
37.9%
Vampire
36.1%
Top Hat
34.8%
Menace
33%
Sleepy
32.7%
Scared
30.9%
Biker
30.4%
Reggae
29.9%
Cowboy
29.9%
Cool Dude
29.4%
Hippy
29.2%
The Fly
28.9%
Rocker
28.6%
Clown
28.1%
Joker
28.1%
Wow
27.6%
Teacher's Pet
26.6%
Heavy Metal
26.3%
Miss Froggy
26.1%
Weirdo
25.8%
James Bone
25.8%
Crazy Bone
% Correct
Monster
25.6%
Rapper
23.8%
Sweetie
23.5%
Pig Tails
23.3%
Nice Guy
22.5%
Funny Bone
22%
Grumpy
22%
Day Dreamer
21.5%
Babe
21.5%
Frankie
21.5%
New Wave
21%
Chubby
21%
Dummy
20.7%
Angel
20.7%
Fang
20.5%
Dopey
20.2%
Long John
19.7%
Tubby
19.4%
Dreamer
19.2%
Junior
18.9%
Brains
18.9%
Goodie Goodie
18.7%
Big Mouth
18.4%
Baldy
18.2%
Bone Jour
16.9%
Screamer
16.9%
Freddie Frog
16.4%
Bad Boy
15.9%
Sly Boy
14.6%
Scarey
13.8%
Quiz Playlist
Details
Report
Send in Message
Add To Playlist
Classic:
Type in answers that appear in a list
Quiz Source
Last Updated: Feb 16, 2017
Quiz Scoreboard
CHALLENGE
Sign Up to Join the Scoreboard
Show All
Scores
Hide
Comments
May contain spoilers
Recently Published
NBA Finals Game Top Scorers (2010s)
by flibbidy
Sports
5m
Guess the 'R' Things in 3 Words
by MSUKent
Miscellaneous
3m
Actor to Badly Drawn Movie III
by MoMosMoProblems
Movies
5m
More to Explore
Quiz From the Vault
Featured Blog Post
Where Does Lost Luggage Go?
hide this ad
You Might Also Like...
Tags
Nintendo Quiz
bones
Crazy
gogo
original
Today's Top Quizzes in Just For Fun
Browse Just For Fun
hide this ad
Today's Top Quizzes in Nintendo
Browse Nintendo
Top Contributed Quizzes in Just For Fun
1
CrossWordLadder XXIII
2
Erkennst du die Lieblingsgerichte der watsons?
3
Quick Pick: Famous Davids
4
Sporcle Events Newsletter Bonus Questions 3/18/24
5
Guess Who in 3 Images
6
CrossWordLadder XXIV
7
CrossWordLadder XLIII
8
CrossWordLadder XXV
9
Trees Logic Puzzle 616
10
Order the Mini Maze II
Explore More
Trending Topics
Anime
Marvel
Crossword
Harry Potter
Kpop
Disney
NBA
Country
Pokémon
Puzzle
Soccer
Song
WWE
The Office
NFL
hide this ad
More By:
russman10987
Quiz
Plays
Rating
Category
Featured
Created
IGN's Top 100 RPGs of All Time
6,298
4.45
Gaming
Sep 18, 2012
Soul Calibur Series Characters
2,020
4.00
Gaming
Jan 24, 2010
US Soccer Players with 10 Caps or More
1,242
5.00
Sports
Mar 23, 2011
IGN's top 25 Playstation 2 Games
1,172
4.40
Gaming
Jan 19, 2010
US Soccer All Time Goal Scorers
817
5.00
Sports
Mar 14, 2011
Go to Creator's Profile
Score Distribution
Quiz Creator Spotlight
russman10987
Follow
Send a Message
Quizzes Created
-
Created Quiz Play Count
-
More By This Creator
Popular Quizzes Today
1
Find the US States - No Outlines Minefield
2
Find the US States
3
The Countries of the World
4
10 Largest US States in Order
5
Find the Countries of Europe - No Outlines Minefield
6
US States
7
Guess the 'R' Things in 3 Words
8
NBA Finals Game Top Scorers (2010s)
More Just For Fun Quizzes
Word Ladder: Her Majesty's Domain
Published
Trending Quizzes
First Name TV: Leading Men
First Name TV: Leading Women Drama
Match the Book to the Film II
3-Word Movies in 1 Word II
Match the Book to the Film VI
Recently Updated
Women's Final Four Teams by Year
bhenderson79
Presidents Quartet II
eogle
Anything But Clue(do)
eogle
Anything But Oceanian Capitals
eogle
Anything But 7
eogle
Anything But Thing
eogle
Word Ladder: February 29
pecheneg
Song Title Questions
pecheneg
Women's NCAA Tournament #1 Seeds
pecheneg
Celebrity Mug Shots
pecheneg
Trending Topics
NBA
Kpop
Crossword
Anime
Marvel
Disney
Harry Potter
The Office
Song
WWE
NFL
Soccer
Country
Pokémon
Puzzle
Your Account Isn't Verified!
In order to create a playlist on Sporcle, you need to verify the email address you used during registration. Go to your
Sporcle Settings
to finish the process.
Report this User
Report this user for behavior that violates our
Community Guidelines
.
Details:
Send Report
Go to the Sporcle.com Mobile Site →
Comments